El café en Colombia, 1850-1970 : (Registro nro. 3635)
[ vista simple ]
| 000 -LEADER | |
|---|---|
| fixed length control field | 01188nam a2200241Ia 4500 |
| 003 - CONTROL NUMBER IDENTIFIER | |
| control field | OSt |
| 005 - DATE AND TIME OF LATEST TRANSACTION | |
| control field | 20200711231822.0 |
| 008 - FIXED-LENGTH DATA ELEMENTS--GENERAL INFORMATION | |
| fixed length control field | 191128s1983 mx adb fr 000 0 spa d |
| 020 ## - INTERNATIONAL STANDARD BOOK NUMBER | |
| International Standard Book Number | 8489209258 |
| 040 ## - CATALOGING SOURCE | |
| Original cataloging agency | CO-JMCR |
| Transcribing agency | CO-JMCR |
| 041 0# - LANGUAGE CODE | |
| Language code of text/sound track or separate title | spa |
| 082 04 - DEWEY DECIMAL CLASSIFICATION NUMBER | |
| Classification number | 338.17373 / |
| Item number | P153c |
| Edition number | 23 |
| 100 1# - MAIN ENTRY--PERSONAL NAME | |
| Personal name | Palacios, Marco, |
| Relator term | autor |
| 9 (RLIN) | 4081 |
| 245 13 - TITLE STATEMENT | |
| Title | El café en Colombia, 1850-1970 : |
| Remainder of title | una historia económica, social y política / |
| Statement of responsibility, etc. | Marco Palacios |
| 250 ## - EDITION STATEMENT | |
| Edition statement | Segunda edición |
| 260 ## - PUBLICATION, DISTRIBUTION, ETC. | |
| Place of publication, distribution, etc. | México : |
| Name of publisher, distributor, etc. | El Áncora, |
| Date of publication, distribution, etc. | 1983 |
| 300 ## - PHYSICAL DESCRIPTION | |
| Extent | 556 páginas : |
| Other physical details | gráficos y mapas a blanco y negro ; |
| Dimensions | 21 cm. |
| 504 ## - BIBLIOGRAPHY, ETC. NOTE | |
| Bibliography, etc. note | Bibliografía: páginas 539-556. |
| 505 0# - FORMATTED CONTENTS NOTE | |
| Formatted contents note | Abreviatura -- Prefacio -- Agradecimiento -- Postdata --Laissez-Faire y estado- nacional -- La formación de la oligarquía -- Tierra y sociedad en Colombia central durante la segunda mitad del siglo XIX -- Haciendas: El ascenso |
| 520 3# - SUMMARY, ETC. | |
| Summary, etc. | Palacios logra integrar en una narrativa única en forma excepcional los aspectos económicos, sociales y políticos del tema, manteniéndose atento al mismo tiempo a los aspectos generales del proceso cafetero. |
| 650 14 - SUBJECT ADDED ENTRY--TOPICAL TERM | |
| Topical term or geographic name entry element | Café |
| General subdivision | economía cafetera |
| 9 (RLIN) | 7083 |
| 942 ## - ADDED ENTRY ELEMENTS (KOHA) | |
| Source of classification or shelving scheme | Dewey Decimal Classification |
| Koha item type | Books |
| Withdrawn status | Lost status | Source of classification or shelving scheme | Damaged status | Not for loan | Collection code | Home library | Current library | Date acquired | Source of acquisition | Total Checkouts | Full call number | Barcode | Date last seen | Date last checked out | Copy number | Koha item type |
|---|---|---|---|---|---|---|---|---|---|---|---|---|---|---|---|---|
| Dewey Decimal Classification | Non-fiction | Biblioteca Pública José María del Castillo y Rada | Biblioteca Pública José María del Castillo y Rada | 07/12/2018 | Donación | 1 | 338.17373 / P153c | 201807510 | 05/16/2024 | 02/14/2024 | Ej.1 | Books |